LEADER 00964nam0 2200277 450 001 000023318 005 20090904102823.0 100 $a20081124d1956----km-y0itaa50------ba 101 0 $aeng 102 $aUS 200 1 $a<> ninth wave$fby Eugene Burdick 210 $aBoston$cHoughton Mifflin$d1956 215 $a332 p.$d22 cm. 676 $a813.54$v(21 ed.)$9Narrativa americana in lingua inglese. 1945-1999 700 1$aBurdick,$bEugene$0444116 801 0$aIT$bUniversità della Basilicata - B.I.A.$gRICA$2unimarc 912 $a000023318 996 $aNinth wave$991326 997 $aUNIBAS BAS $aLETTERE CAT $aSTD070$b01$c20081124$lBAS01$h1636 CAT $aATR$b40$c20090206$lBAS01$h0953 CAT $aATR$b20$c20090904$lBAS01$h1028 CAT $aATR$b40$c20090904$lBAS01$h1111 FMT Z30 -1$lBAS01$LBAS01$mBOOK$1BASA1$APolo Storico-Umanistico$2FAA$BFondo anglo-americano$3FM/2532$62532$5L2532$820081124$f04$FPrestabile Didattica